Marvel Rivals Character To Role - Click Quiz - Statistics

General Stats
  • This quiz has been taken 159 times
  • The average score is 14 of 15
Answer Stats
Hint Answer % Correct
Spider-Man Duelist
97%
Psylocke Duelist
94%
Venom Vanguard
94%
Black Widow Duelist
93%
Namor Duelist
92%
Mantis Support
92%
Bruce Banner Vanguard
92%
Loki Support
91%
Invisible Woman Support
91%
Cloak and Dagger Support
91%
Doctor Strange Vanguard
91%
Adam Warlock Support
90%
Mister Fantastic Duelist
89%
Emma Frost Vanguard
89%
Peni Parker Vanguard
88%
No matching quizzes found
Score Distribution
Percent of People with Each Score
Percentile by Number Answered
Your Score History
You have not taken this quiz